Doctrina procesal penal 2010
Uloženo v:
| Korporativní autor: | |
|---|---|
| Médium: | Kniha |
| Jazyk: | španělština |
| Vydáno: |
Santiago
Centro de Documentación Defensoría Penal Pública
2011
|
| Edice: | Informes de Derecho, 8
|
| Témata: | |
| Tagy: |
Přidat tag
Žádné tagy, Buďte první, kdo vytvoří štítek k tomuto záznamu!
|
MARC
| LEADER | 00000cam a2200000 a 4500 | ||
|---|---|---|---|
| 001 | UCF0983 | ||
| 003 | CL-VaPUC | ||
| 008 | 120614e20111000CL |||||||||||||||||spa|d | ||
| 020 | |a 9789568349301 | ||
| 082 | 0 | 4 | |a 345.8305 |b DEF |2 21 |
| 110 | 2 | |a Defensoría Penal Pública |e author |9 562659 | |
| 245 | 1 | 0 | |a Doctrina procesal penal 2010 |
| 300 | |a 88 p | ||
| 942 | |c BK | ||
| 945 | |d 20120614 00:00:00 |a dcastane | ||
| 260 | |a Santiago |b Centro de Documentación Defensoría Penal Pública |c 2011 | ||
| 650 | 0 | |a Derecho procesal penal |9 255496 | |
| 650 | 7 | |a DERECHO PENAL |2 CL-VaPUC |9 11 | |
| 650 | 0 | |a Reforma procesal penal |9 471095 | |
| 583 | |a last modification |c 20161215 05:29:59 |k Rodrigo Vera | ||
| 490 | 0 | |a Informes de Derecho, 8 | |
| 999 | |c 348011 |d 348009 | ||
| 952 | |0 0 |1 0 |2 ddc |4 0 |6 345_830500000000000_DEF_2011 |7 0 |8 A |9 449860 |a BIBDER |b BIBDER |d 2019-11-22 |i 4869303 |o 345.8305 DEF 2011 |p 4869303 |r 2023-01-25 |w 2019-11-22 |y MX |k DER | ||
| 952 | |0 0 |1 0 |2 ddc |4 0 |6 345_830500000000000_DEF_2011 |7 0 |8 A |9 449861 |a BIBDER |b BIBDER |d 2019-11-22 |i 4869311 |o 345.8305 DEF 2011 |p 4869311 |r 2023-01-25 |w 2019-11-22 |y MX |k DER | ||